| 000 | 00754nam a2200253Ia 4500 | ||
|---|---|---|---|
| 003 | OSt | ||
| 005 | 20220924131549.0 | ||
| 006 | a|||||r|||| 00| 0 | ||
| 007 | ta | ||
| 008 | 220923b |||||||| |||| 00| 0 san d | ||
| 024 | _a40716 | ||
| 037 | _cTextual | ||
| 040 |
_aARTS _cARTS _bsan |
||
| 041 |
_2san _asan |
||
| 082 | _aO15:g, L5 | ||
| 100 | _aBhattacharya Biswanath | ||
| 245 | 0 |
_aSahitya viveka _b work on literary criticism in Sanskrit |
|
| 260 |
_aVaranasi _bManisha Prakashan India _c1975 |
||
| 300 |
_a100p. _ccm. |
||
| 490 | _aManisha modern sanskrit series , ed by Satkari Mukhopadhyaya; 3 | ||
| 650 | _aSANSKRIT LITERATURE | ||
| 942 |
_hO15:g, L5 _cTEXL _2CC |
||
| 999 |
_c427423 _d427423 |
||